000 01855cam a22004094i 4500
003 PE-LiUPU
005 20250731184056.0
008 150617s r 000 0 d
020 _a8437600340
035 _a(Sirsi) i9788437600345
040 _aPE-LiUPU
_bspa
_cPE-LiUPU
_erda
049 _aPRUA
082 0 4 _a801.95
_bP16
_221
100 1 _aPagnini, Marcello,
_eautor.
245 1 0 _aEstructura literaria y método crítico /
_cMarcello Pagnini.
264 1 _aMadrid :
_bEdiciones Cátedra,
_c1982.
300 _a268 páginas ;
_c22 centímetros
336 _atext
_2rdacontent
337 _aunmediated
_2rdamedia
338 _avolume
_2rdacarrier
504 _aIncluye bibliografía.
505 0 _aNotas preliminares -- Funciones sitacmáticas del significante -- Funciones sugestivas del significante -- Funciones sugestivas del significado -- Funciones sintacmáticas del significado -- Observaciones spbre la prosa narrativa -- Observaciones sobre el teatro clásico -- Nota preliminar -- El método biográfico y psicológico -- El método histórico -- Breve consideración sobre los dos métodos discutidos -- El método temático -- El método lingüístico -- El método semiótico.
526 _aP145
526 _aP127
526 _aP97
526 _aP14
526 _aP07
650 0 4 _aCrítica literaria.
650 0 4 _aEstilística.
910 _ajck
_bjvq
_cjck
_d20150616
942 _2ddc
_cBOOK
949 _a801.95 P16
_wDEWEY
_c1
_i25353
_lCCODEBUL1
_mBUL
_r0
_sY
_tBOOK
_u2015-6-17
_xEDUCACION
_zUNKNOWN
_0COMPRA
_o.STAFF. Colección General
994 _aC0
_bPEPRU
596 _a1
999 _a801.95 P16
_wDEWEY
_c19954
_i25353
_d19954
_e2017-8-28
_f2021-11-9
_g4
_lCCODEBUL1
_mBUL
_n5
_q1
_r0
_sY
_tBOOK
_u2015-6-17
_xEDUCACION
_zUNKNOWN
_0COMPRA
_o.STAFF. Colección General
980 _81
_gALBERTO SANCHEZ Responsable de Automatización